header

VEGETABLE CULTIVATION (Record no. 251216)

MARC details
000 -LEADER
fixed length control field 00300nam a22001217a 4500
020 ## - INTERNATIONAL STANDARD BOOK NUMBER
ISBN 9789991614182
100 ## - MAIN ENTRY--AUTHOR NAME
Personal name VAN ANTWERPEN E.G ,AVES J.P
245 ## - TITLE STATEMENT
Title VEGETABLE CULTIVATION
250 ## - EDITION STATEMENT
Edition statement HANDBOOK- NEW EXTENDED ED.
260 ## - PUBLICATION, DISTRIBUTION, ETC. (IMPRINT)
Place of publication namibia
Name of publisher LONGMAN
Year of publication 2009
300 ## - PHYSICAL DESCRIPTION
Number of Pages 20092160
Other physical details ILL
942 ## - ADDED ENTRY ELEMENTS (KOHA)
Koha item type Long Loan Books
Holdings
Withdrawn status Lost status Collection code Home library Current library Shelving location Date acquired Full call number Accession Number Koha item type
    Reference Rongo University Library Rongo University Library Reference 11/11/2015 SB323 .A589 2009 20092160 Reference

© 2026 Rongo University
Contact us: librarian | system librarian | Rongo university